000 01485nam0a2200325 4500
001 RU\NLR\BIBL_A\022214416
005 20250708194136.0
010 _a978-5-00185-448-7
_bПросвещение-Союз
010 _a978-5-09-116356-8
_bПросвещение
_9800
035 _a(NLR Aleph) 022214416
090 _a13082794
_c13082794
100 _a20240506d2024 |||y0rusy50 ca
101 0 _arus
102 _aRU
105 _aa z 000zy
181 0 _ai3
_baxxe
181 0 _ab2
_bxb2e
182 0 _an
200 1 _aРусский травник
_eподробное описание трав, корней и цветов, употреблявшихся для полного излечения различных болезней и недугов в России
_f[ред.-сост.: В. В. Кузьмин]
203 _aТекст
_aИзображение
_bвизуальные
_cнепосредственные
210 _aМосква
_cПросвещение
_d2024
215 _a206 с.
_cцв. ил.
_d26
333 _aДля детей старше 12 лет
606 1 _aТравники
_jПопулярные издания
_91200546
_3RU\NLR\AUTH\66167784
686 1 _aР282.11я972
702 1 _4340
_4220
_aКузьмин
_bВ. В.
_cлитератор, редактор
_f1972-
_gВладимир Владимирович
_9133710
_3RU\NLR\AUTH\770133744
942 _cBOOK
980 _aNB